The Top 50 Questions Kids Ask (Запис номер 180340)
[ съкратено ]
| 000 -Лидер | |
|---|---|
| Контролно поле с фиксирана дължина | 01432nam a2200397 c 4500 |
| 003 - Код на организацията, давaща контролен номер | |
| Контролно поле | BLK |
| 005 - Дата и час на последна редакция | |
| Контролно поле | 20180421000005.0 |
| 008 - Елементи от данни с фиксирана дължина | |
| fixed length control field | 180411b bul|||||r ||||||| ||bul|| |
| 010 ## - Наследен системен номер | |
| LC control number | KNG00189191000 |
| 020 ## - Международен стандартен номер на книга ISBN | |
| Международен стандартен номер на книга ISBN | 978-1-4022-1915-3 |
| -- | издат.: Sourcebooks |
| 040 ## - Източник на каталожния запис | |
| Идентификатор на билиотеката - собственик на записа | BLK |
| 041 ## - Код за език | |
| Код за езика на текст/звукозапис или на отделно заглавие | Английски |
| Код за езика КДБФ | Английски |
| 072 #7 - Код за тематичната категория | |
| Код организация | bullib |
| Код за тематична категория | Н37 |
| Текст | Образование. Педагогика Н |
| 080 ## - УДК | |
| Текстов определител УДК | Възпитание у дома. Семейно възпитание |
| УДК код - определител по УДК | 37.018.1 |
| УДК определител | |
| УДК - код + определител | 37.018.1 |
| 080 ## - УДК | |
| Текстов определител УДК | Психология на детската и юношеска възраст |
| УДК код - определител по УДК | 159.922.7/.8 |
| УДК определител | |
| УДК - код + определител | 159.922.7/.8 |
| 100 1# - Редна дума - Автор | |
| Автор | Bartell, Susan |
| Авторска отговорност | първи автор |
| R(LIN) | 4541 |
| 139 ## - Редно поле | |
| Редна дума | Bartell, Susan |
| Авторски знак | Bart - B 27 |
| 245 10 - Сведения за заглавието | |
| Заглавие | The Top 50 Questions Kids Ask |
| Редно поле (дума) | Susan Bartell. |
| 257 ## - Страна на издаване | |
| Страна на създаване/издаване | Съединени американски щати |
| 260 ## - Област на издателските данни | |
| -- | Naperville |
| Име на издателя, разпространителя и проч. | Sourcebooks |
| Година на издаване | 2010 |
| 300 ## - Физическа характеристика | |
| Страници | 219 p. |
| Размери/Мащаб | 18 cm |
| 380 ## - Жанр | |
| Жанр | Обществени науки |
| 650 #4 - Допълнително описание по предмет – тема | |
| Основно описание – тема или топоним | Възпитание в семейството |
| 9 (RLIN) | 242361 |
| 650 #4 - Допълнително описание по предмет – тема | |
| Основно описание – тема или топоним | Семейни отношения |
| 9 (RLIN) | 245112 |
| 650 #4 - Допълнително описание по предмет – тема | |
| Основно описание – тема или топоним | Деца - психология и възпитание |
| 9 (RLIN) | 247409 |
| 653 ## - Ключова дума – ненормативна | |
| Ключова дума | родители |
| 653 ## - Ключова дума – ненормативна | |
| Ключова дума | семейно възпитание |
| 653 ## - Ключова дума – ненормативна | |
| Ключова дума | детска психология |
| 653 ## - Ключова дума – ненормативна | |
| Ключова дума | деца |
| 659 ## - Тематичен бюлетин | |
| Тематичен бюлетин | Н |
| 852 ## - Местоположение | |
| Форматна сигнатура | Цб І 36832 |
| 856 4# - Електронен адрес и достъп | |
| Електронен формат | pdf - файл |
| Път до файла /url/ | |
| 856 4# - Електронен адрес и достъп | |
| Електронен формат | pdf - файл |
| Път до файла /url/ | |
| 942 ## - АРТИКУЛИ | |
| Вид на библиотечния материал | Книги |
| Скрит в OPAC | Не |
| 944 ## - СЪЗДАВАНЕ И РЕДАКЦИЯ на ЗАПИСА | |
| Създаване/Редакция | Създаване |
| Дата на регистрацията/редакция | 13.07.2016 |
| Служител, извършил регистрацията/редакцията | Виолета_Тройчева |
| 944 ## - СЪЗДАВАНЕ И РЕДАКЦИЯ на ЗАПИСА | |
| Създаване/Редакция | Редакция |
| Дата на регистрацията/редакция | 18.07.2016 |
| Служител, извършил регистрацията/редакцията | Пенка_Димитрова |
| 999 ## - СИСТЕМНИ КОНТРОЛНИ НОМЕРА | |
| Koha biblionumber | 180340 |
| Koha biblioitemnumber | 180340 |
| Код за отписване | Код за изгубен артикул | Код за повреда | Коз за рестрикции | Код за отдаване | Артикулен № | Име на библиотеката - собственик | Име на библиотеката, в която се намира в момента | Статус (Текущо местоположение) | Дата на вписване в системата | Местоположение - отдел | Цена в лева | Инвентарен номер | Систематично азбучна сигнатура | Баркод | Номер на екземпляра | Цена в евро | Служебна бележка | Служебен тип на артикула |
|---|---|---|---|---|---|---|---|---|---|---|---|---|---|---|---|---|---|---|
| Не е изгубен | Не е повреден | без рестрикции | заемане за дома | 309081 | Регионална библиотека "Любен Каравелов" Русе | Регионална библиотека "Любен Каравелов" Русе | Заемна - подръчен фонд | 2016-07-18 | Заемна - подръчен фонд | 19.00 | 120000802302 | П 37.018/B 27 | 120000802302 | 1 | 9.71 | Дост: DA Вид: А N: 28 Дата: 18.07.2016 Дата инв: 08.02.2018 Бележки инв: П2018 | Книги |